000 00721nam a2200229Ia 4500
003 OSt
005 20220923220918.0
006 a|||||r|||| 00| 0
007 ta
008 220922b |||||||| |||| 00| 0 hin d
024 _a192,130
037 _cTextual
040 _aARTS
_cARTS
_bhin
041 _2hin
_ahin
082 _aT, 152G0
100 _aठाकुर, रवीन्द्रनाथ
245 0 _aशिक्षा कैसी हो !, अनु घन्यकुमार जैन
246 _aShikṣhā kaisī ho !, anu0 ghanyakumār jaina
260 _c1930
942 _hT, 152G0
_cTEXL
_2CC
999 _c344774
_d344774